[Event "32nd WCh U20 Girls"]
[Site "Pune IND"]
[Date "2014.10.10"]
[Round "5.10"]
[White "Iwanow, Anna"]
[Black "Zarkovic, Mila"]
[Result "1-0"]
[WhiteElo "2279"]
[BlackElo "2136"]
[EventDate "2014.10.06"]
[PlyCount "55"]

1.e4 c5 2.Nf3 e6 3.d4 cxd4 4.Nxd4 a6 5.c4 Nf6 6.Nc3 Bb4 7.Bd3 Nc6 8.O-O 
Nxd4 9.e5 Nc6 10.exf6 Bxc3 11.bxc3 Qxf6 12.Qc2 Ne5 13.Ba3 h5 14.f4 Nc6 15.
Bd6 h4 16.h3 Rh5 17.a4 Ne7 18.Qe2 Rh8 19.f5 Qh6 20.Rab1 f6 21.fxe6 dxe6 
22.Rxb7 Bd7 23.Re1 f5 24.c5 Qf6 25.Bxa6 Rf8 26.Bb5 Rd8 27.Bxd7+ Rxd7 28.
Qb5 1-0

[Event "32nd WCh U20 Girls"]
[Site "Pune IND"]
[Date "2014.10.10"]
[Round "5.12"]
[White "Varga, Klara"]
[Black "Pujari, Rucha"]
[Result "1/2-1/2"]
[WhiteElo "2232"]
[BlackElo "2113"]
[EventDate "2014.10.06"]
[PlyCount "74"]

1.c4 e5 2.g3 Nc6 3.Bg2 Bc5 4.Nc3 Nf6 5.e3 a6 6.Nge2 d6 7.d4 exd4 8.exd4 
Ba7 9.O-O h6 10.a3 O-O 11.b4 Ne7 12.Nf4 Bg4 13.Qd3 Bf5 14.Qd2 c6 15.d5 c5 
16.Bb2 cxb4 17.axb4 Rc8 18.Nb5 axb5 19.Bxf6 gxf6 20.Nh5 Kh7 21.Rxa7 Rxc4 
22.Rxb7 Ng6 23.h3 Ne5 24.f4 Nd3 25.g4 Bg6 26.Ng3 Qc8 27.Rxb5 Rc2 28.Qe3 
Re8 29.Be4 Rxe4 30.Nxe4 Qc4 31.Nxf6+ Kg7 32.Ne8+ Kh7 33.Nxd6 Qa2 34.Qf3 
Qa7+ 35.Rc5 Nxc5 36.Nc8 Qc7 37.d6 Qxc8 1/2-1/2

[Event "32nd WCh U20 Girls"]
[Site "Pune IND"]
[Date "2014.10.10"]
[Round "5.13"]
[White "Khaled, Mouna"]
[Black "Tarini, Goyal"]
[Result "1/2-1/2"]
[WhiteElo "2191"]
[BlackElo "1868"]
[EventDate "2014.10.06"]
[PlyCount "101"]

1.d4 d5 2.Nf3 Nf6 3.e3 e6 4.Bd3 c5 5.b3 Bd6 6.Ne5 Nc6 7.Bb2 cxd4 8.exd4 
O-O 9.O-O Qc7 10.Qe2 Nb4 11.Nd2 Nxd3 12.Qxd3 b6 13.Rfe1 Bb7 14.Rac1 Rfd8 
15.Qh3 Qe7 16.Nf1 Rac8 17.Ne3 Ne4 18.f3 Nc3 19.Ra1 Bxe5 20.dxe5 b5 21.Qg3 
Qc5 22.Bxc3 Qxc3 23.Rad1 d4 24.Rd3 Qc7 25.Ng4 Qxc2 26.Red1 Qc5 27.Nf6+ Kh8
28.Nh5 g6 29.Nf6 Qf8 30.Qh4 h6 31.Rxd4 Rxd4 32.Rxd4 Kg7 33.h3 Qc5 34.Nd7 
Qc1+ 35.Kh2 Qg5 36.Qxg5 hxg5 37.Nf6 Bd5 38.Rg4 Rc2 39.Kg3 Rxa2 40.h4 gxh4+
41.Rxh4 g5 42.Rd4 Rb2 43.Nxd5 exd5 44.Rxd5 Rxb3 45.Kg4 a5 46.Kxg5 a4 47.
Rd7 Re3 48.Kf4 Re2 49.Rb7 a3 50.Rxb5 a2 51.Ra5 1/2-1/2

[Event "32nd WCh U20 Girls"]
[Site "Pune IND"]
[Date "2014.10.10"]
[Round "5.14"]
[White "Monnisha, Gajendra Babu Kannaiyan"]
[Black "Gevorgian, Maria"]
[Result "1-0"]
[WhiteElo "2016"]
[BlackElo "2160"]
[EventDate "2014.10.06"]
[PlyCount "87"]

1.e4 c5 2.Nf3 e6 3.d4 cxd4 4.Nxd4 a6 5.c4 Nf6 6.Nc3 Qc7 7.a3 b6 8.Be3 Bb7 
9.f3 Be7 10.Be2 O-O 11.O-O d6 12.Qd2 Nbd7 13.b4 Rac8 14.Rac1 Qb8 15.Rfd1 
Ne5 16.Na4 Nfd7 17.Nb3 Bc6 18.Nb2 h6 19.a4 Rfd8 20.Qe1 Ng6 21.Qf2 Bh4 22.
g3 Bf6 23.Nd4 Bb7 24.Bf1 Qa8 25.Bh3 Bxd4 26.Bxd4 a5 27.Bxb6 Nxb6 28.Qxb6 
Ne5 29.Bg2 Rc6 30.Qd4 axb4 31.f4 Nd7 32.Nd3 Qxa4 33.e5 d5 34.cxd5 Rc2 35.
Rxc2 Qxc2 36.Nxb4 Qe2 37.Bf1 Qg4 38.Nc6 Ra8 39.Rb1 Ba6 40.Ra1 Bb7 41.Rxa8+
Bxa8 42.Qa7 Qf3 43.Qxa8+ Kh7 44.Ne7 1-0

[Event "32nd WCh U20 Girls"]
[Site "Pune IND"]
[Date "2014.10.10"]
[Round "5.15"]
[White "Chitlange, Sakshi"]
[Black "Frayna, Janelle Mae"]
[Result "0-1"]
[WhiteElo "1827"]
[BlackElo "2140"]
[EventDate "2014.10.06"]
[PlyCount "128"]

1.d4 Nf6 2.c4 c5 3.d5 e6 4.Nc3 exd5 5.cxd5 d6 6.e4 g6 7.Nf3 Bg7 8.h3 O-O 
9.Bd3 a6 10.a4 Nbd7 11.O-O Re8 12.Re1 Qc7 13.Bf4 Rb8 14.Qd2 Nh5 15.Bh2 Ne5
16.Ng5 Nf6 17.Be2 Ned7 18.Bc4 h6 19.Nxf7 Kxf7 20.e5 Nb6 21.Bb5 Rxe5 22.
Bxe5 dxe5 23.d6 Qd8 24.Bd3 Bf5 25.a5 Qxd6 26.axb6 Bxd3 27.Re3 c4 28.Rae1 
Re8 29.b3 Qxb6 30.bxc4 e4 31.Qa2 Qc5 32.Qb3 Re7 33.Kh1 Bxc4 34.Qa4 Bd3 35.
Qb3+ Kf8 36.Na4 Qc4 37.Qa3 Nd5 38.Rg3 b5 39.Nc5 Qc3 40.Qxc3 Bxc3 41.Rc1 
Bb2 42.Re1 Nf4 43.Rg4 g5 44.g3 Nxh3 45.Kg2 Nxf2 46.Nxd3 Nxd3 47.Rexe4 Ne5 
48.Rb4 Nxg4 49.Rxb2 Ne3+ 50.Kf3 Nc4 51.Rb4 Re5 52.Kg4 a5 53.Rb1 Ne3+ 54.
Kh5 b4 55.Kxh6 Rb5 56.g4 Nxg4+ 57.Kg6 b3 58.Rf1+ Ke7 59.Re1+ Ne5+ 60.Kf5 
b2 61.Rb1 Nc4+ 62.Kg4 Nd2 63.Re1+ Kd7 64.Rd1 Rd5 0-1

[Event "32nd WCh U20 Girls"]
[Site "Pune IND"]
[Date "2014.10.10"]
[Round "5.16"]
[White "Fronda, Jan Jodilyn"]
[Black "Saranya, J."]
[Result "0-1"]
[WhiteElo "2127"]
[BlackElo "2107"]
[EventDate "2014.10.06"]
[PlyCount "76"]

1.d4 Nf6 2.Nf3 g6 3.Nc3 Bg7 4.e4 d6 5.h3 O-O 6.Be3 e5 7.dxe5 dxe5 8.Qxd8 
Rxd8 9.Bc4 Nc6 10.Ng5 Rd7 11.Rd1 Nd8 12.O-O h6 13.Nf3 Ne8 14.Nd5 Ne6 15.
Nh4 Nd6 16.Bb3 Nxe4 17.Rfe1 c6 18.Nb4 N4c5 19.Bc4 a5 20.Nd3 Nxd3 21.Bxd3 
Nc7 22.c4 Ne6 23.Bb6 c5 24.Be4 Rxd1 25.Rxd1 Bf6 26.Nxg6 fxg6 27.Bd5 Kg7 
28.b3 Be7 29.Bxb7 Bxb7 30.Rd7 Bc6 31.Rxe7+ Kf6 32.Rh7 a4 33.Bc7 axb3 34.
axb3 Nf4 35.Bd6 Bxg2 36.Rxh6 Ra1+ 37.Kh2 Bc6 38.Bxc5 Ne2 0-1

[Event "32nd WCh U20 Girls"]
[Site "Pune IND"]
[Date "2014.10.10"]
[Round "5.17"]
[White "Ivekovic, Tihana"]
[Black "Aakanksha, Hagawane"]
[Result "0-1"]
[WhiteElo "2122"]
[BlackElo "1918"]
[EventDate "2014.10.06"]
[PlyCount "104"]

1.d4 Nf6 2.c4 g6 3.Nc3 d5 4.cxd5 Nxd5 5.e4 Nxc3 6.bxc3 Bg7 7.Bc4 O-O 8.Ne2
c5 9.O-O Nc6 10.Be3 Bg4 11.f3 Bd7 12.Rb1 Na5 13.Bd5 Qc8 14.dxc5 Rd8 15.Qc1
e6 16.Bb3 Bf8 17.Bd4 Bxc5 18.Qe3 Bxd4 19.cxd4 Bc6 20.Nc3 Nxb3 21.axb3 b5 
22.d5 exd5 23.exd5 Bxd5 24.Nxb5 Qb7 25.Nd4 Re8 26.Qf2 Rad8 27.Rfc1 Qb6 28.
Nc2 Re2 29.Qxb6 axb6 30.Ne1 Rde8 31.b4 b5 32.Nd3 Bc4 33.Nc5 R8e3 34.Rd1 
Ba2 35.Ra1 Rc2 36.Re1 Rec3 37.Rad1 Rc4 38.Re4 Rb2 39.Nd3 Rxe4 40.fxe4 Rb3 
41.e5 Bb1 42.Nc5 Rxb4 43.e6 fxe6 44.Nxe6 Bf5 45.Nc7 Rb2 46.Nd5 Kg7 47.Ne3 
Be6 48.Rd6 Kf7 49.Kf1 b4 50.Rb6 b3 51.h3 Ra2 52.Nd1 Bc4+ 0-1

[Event "32nd WCh U20 Girls"]
[Site "Pune IND"]
[Date "2014.10.10"]
[Round "5.18"]
[White "Srija, Seshadri"]
[Black "Munoz, Claudia"]
[Result "1-0"]
[WhiteElo "2099"]
[BlackElo "1906"]
[EventDate "2014.10.06"]
[PlyCount "75"]

1.e4 Nf6 2.e5 Nd5 3.d4 d6 4.c4 Nb6 5.exd6 exd6 6.Nc3 Be7 7.Nf3 Bg4 8.Be2 
O-O 9.O-O Nc6 10.b3 Bf6 11.Be3 Re8 12.Rc1 d5 13.c5 Nc8 14.b4 a6 15.h3 Bf5 
16.Qb3 Be4 17.Rfd1 N8e7 18.Ne5 Bxe5 19.dxe5 Qc8 20.f4 Nf5 21.Bf2 Qe6 22.
Nxe4 dxe4 23.Bc4 Qe7 24.g4 Nh6 25.Bd5 Kh8 26.Bxe4 g5 27.Bxc6 bxc6 28.f5 a5
29.bxa5 Rxa5 30.e6 f6 31.Rd7 Qf8 32.Qc3 Rxa2 33.Bd4 Ng8 34.Rf7 Qh6 35.e7 
Raa8 36.Rxf6 Nxf6 37.Bxf6+ Kg8 38.Qc4# 1-0

[Event "32nd WCh U20 Girls"]
[Site "Pune IND"]
[Date "2014.10.10"]
[Round "5.19"]
[White "Shweta, Gole"]
[Black "Michelle Catherina"]
[Result "1/2-1/2"]
[WhiteElo "1881"]
[BlackElo "2114"]
[EventDate "2014.10.06"]
[PlyCount "118"]

1.d4 Nf6 2.c4 e6 3.Nc3 Bb4 4.e3 O-O 5.Nf3 d5 6.a3 Bxc3+ 7.bxc3 c6 8.Bd3 b6
9.cxd5 cxd5 10.O-O Ba6 11.Bxa6 Nxa6 12.Qd3 Nb8 13.c4 Nc6 14.Bd2 dxc4 15.
Qxc4 Rc8 16.Qa2 Qd5 17.Rfc1 Ne4 18.Qb2 Rfe8 19.Be1 h6 20.Rc2 Ne7 21.Rac1 
Rxc2 22.Rxc2 Rc8 23.Rxc8+ Nxc8 24.Ne5 f6 25.Nd3 Qc4 26.Nf4 Ned6 27.h3 b5 
28.Bb4 Nf7 29.Qb1 f5 30.Qd1 Nb6 31.Bc5 e5 32.Ng6 Qe6 33.Nxe5 Nxe5 34.dxe5 
Qxe5 35.Bxb6 axb6 36.Qd8+ Kh7 37.Qxb6 Qa1+ 38.Kh2 Qxa3 39.Qxb5 Qd6+ 40.g3 
Qe6 41.Qd3 g6 42.Qd4 h5 43.g4 Qa2 44.Qf4 hxg4 45.hxg4 fxg4 46.Kg3 Kg7 47.
Qxg4 Qb1 48.Qd4+ Kf7 49.Qf4+ Kg7 50.Kg2 Qb7+ 51.e4 Kg8 52.Qe5 Kh7 53.Kh2 
Qa7 54.Qf6 Qb7 55.e5 Qc7 56.Qh4+ Kg7 57.Qf6+ Kh7 58.Kg2 Qb7+ 59.Kh2 Qc7 
1/2-1/2

[Event "32nd WCh U20 Girls"]
[Site "Pune IND"]
[Date "2014.10.10"]
[Round "5.20"]
[White "Tejaswini, Sagar"]
[Black "Mahalakshmi, Muganda Kumar"]
[Result "1/2-1/2"]
[WhiteElo "1876"]
[BlackElo "1997"]
[EventDate "2014.10.06"]
[PlyCount "97"]

1.e4 c6 2.d4 d5 3.Nc3 dxe4 4.Nxe4 Bf5 5.Ng3 Bg6 6.h4 h6 7.h5 Bh7 8.Nf3 Nd7
9.Bd3 Bxd3 10.Qxd3 Ngf6 11.Bd2 Qc7 12.O-O-O e6 13.Ne4 O-O-O 14.g3 Nxe4 15.
Qxe4 Nf6 16.Qe2 Bd6 17.c4 c5 18.Bc3 cxd4 19.Nxd4 a6 20.Nb3 Qc6 21.Na5 Qe4 
22.Qxe4 Nxe4 23.Bxg7 Nxf2 24.Bxh8 Rxh8 25.Rxd6 Nxh1 26.Rb6 Nxg3 27.Rxb7 
Rh7 28.c5 Rg7 29.b4 Nxh5 30.Ra7 Nf4 31.a3 h5 32.Nc4 h4 33.Nb6+ Kb8 34.Rd7 
Nd5 35.Nxd5 exd5 36.Rxd5 Rh7 37.Rd2 h3 38.Rh2 Kc7 39.Kd2 Kc6 40.Ke3 a5 41.
bxa5 Kxc5 42.Kf3 Kb5 43.Kg3 Kxa5 44.Rxh3 Rxh3+ 45.Kxh3 Ka4 46.Kg4 Kxa3 47.
Kf5 Kb4 48.Kf6 Kc5 49.Kxf7 1/2-1/2

[Event "32nd WCh U20 Girls"]
[Site "Pune IND"]
[Date "2014.10.10"]
[Round "5.21"]
[White "Varshini, Velavan"]
[Black "Potluri, Supreetha"]
[Result "1/2-1/2"]
[WhiteElo "2040"]
[BlackElo "1738"]
[EventDate "2014.10.06"]
[PlyCount "88"]

1.e4 c5 2.Nc3 Nc6 3.g3 g6 4.Bg2 Bg7 5.d3 d6 6.f4 e6 7.Nf3 Nge7 8.O-O O-O 
9.h3 Rb8 10.Ne2 Nd4 11.c3 Nxf3+ 12.Rxf3 d5 13.e5 d4 14.cxd4 cxd4 15.g4 b5 
16.Ng3 Nd5 17.Bd2 Bb7 18.Ne4 f6 19.exf6 Nxf6 20.Qe2 Nxe4 21.dxe4 Qb6 22.
Kh2 Rbc8 23.Qd3 b4 24.Bf1 Qc6 25.Bxb4 Rxf4 26.Rxf4 Be5 27.Kg1 Bxf4 28.Qxd4
Qxe4 29.Qxe4 Bxe4 30.Re1 Bd5 31.b3 Rc2 32.Re2 Rc6 33.Bg2 Bxg2 34.Kxg2 Kf7 
35.Kf3 e5 36.Ke4 Ke6 37.Ba5 Rd6 38.Bc3 Rd1 39.Re1 Rd6 40.Re2 Rd1 41.Re1 
Rd6 42.Re2 Rd1 43.Re1 Rd6 44.Re2 Rd1 1/2-1/2

[Event "32nd WCh U20 Girls"]
[Site "Pune IND"]
[Date "2014.10.10"]
[Round "5.22"]
[White "Gu Tianlu"]
[Black "Mahasweta, Kumar"]
[Result "1-0"]
[WhiteElo "2055"]
[BlackElo "1847"]
[EventDate "2014.10.06"]
[PlyCount "125"]

1.d4 Nf6 2.c4 e6 3.Nc3 Bb4 4.e3 d5 5.Bd3 dxc4 6.Bxc4 O-O 7.Nf3 Nbd7 8.O-O 
b6 9.a3 Bxc3 10.bxc3 Bb7 11.Nd2 c5 12.Qe2 Qc7 13.Bd3 e5 14.Bb2 Rad8 15.f3 
Rfe8 16.Qf2 exd4 17.cxd4 Nd5 18.Be4 N7f6 19.dxc5 bxc5 20.Rac1 Ba6 21.Rfd1 
Qb6 22.Ba1 c4 23.Bd4 Qe6 24.Qg3 Qd6 25.Bxd5 Qxg3 26.Bxf7+ Kxf7 27.hxg3 Rc8
28.Bxa7 c3 29.Nb3 c2 30.Rd2 Rc3 31.Na1 Rxa3 32.Nxc2 Rc3 33.Bd4 Rc4 34.Ra1 
Rec8 35.Rxa6 Rxc2 36.Rxc2 Rxc2 37.g4 h6 38.Kh2 Rc7 39.Kg3 Re7 40.e4 Rd7 
41.Ba1 Rd3 42.Kf4 Rb3 43.e5 Rb4+ 44.Kg3 Ne8 45.f4 Rb3+ 46.Kf2 Rb4 47.Ke3 
Rb3+ 48.Ke4 Rb4+ 49.Bd4 Rb7 50.f5 Nc7 51.Rc6 Ne8 52.Rc8 Rc7 53.e6+ Ke7 54.
Rxc7+ Nxc7 55.Bxg7 Nxe6 56.fxe6 Kxe6 57.Bxh6 Kf7 58.Kf5 Kg8 59.g5 Kh7 60.
Kf6 Kg8 61.g6 Kh8 62.Bf8 Kg8 63.g7 1-0

[Event "32nd WCh U20 Girls"]
[Site "Pune IND"]
[Date "2014.10.10"]
[Round "5.23"]
[White "Vantika, Agrawal"]
[Black "Liu Manli"]
[Result "1-0"]
[WhiteElo "1842"]
[BlackElo "2039"]
[EventDate "2014.10.06"]
[PlyCount "117"]

1.d4 Nf6 2.Nf3 d5 3.c4 e6 4.g3 Be7 5.Bg2 O-O 6.O-O dxc4 7.Qc2 a6 8.Qxc4 b5
9.Qc2 Bb7 10.Bd2 Be4 11.Qc1 Bb7 12.Qc2 Bd6 13.Bg5 Nbd7 14.Nbd2 c5 15.Bxf6 
Qxf6 16.Ne5 Bxg2 17.Nxd7 Qd8 18.Nxf8 Bxf1 19.Qxh7+ Kxf8 20.Rxf1 cxd4 21.
Qh8+ Ke7 22.Qxg7 Qh8 23.Qg4 Rc8 24.Qe4 Rc7 25.Nf3 d3 26.Qxd3 Qxb2 27.Rd1 
Qa3 28.Qd2 Qc5 29.e4 f6 30.Kg2 Rc8 31.Qh6 Rf8 32.Nh4 Rf7 33.Ng6+ Kd7 34.
Qd2 Qc6 35.f3 Rg7 36.e5 Rxg6 37.Qxd6+ Qxd6 38.Rxd6+ Ke7 39.Rxa6 fxe5 40.
Rb6 Rg8 41.Rxb5 Ra8 42.Rb2 Ra3 43.Re2 Kf6 44.g4 Ra4 45.Kg3 Ra3 46.h4 Ra4 
47.h5 Ra3 48.h6 Ra7 49.Rh2 Rh7 50.a4 Kf7 51.a5 Kg8 52.g5 Kf7 53.a6 Kg6 54.
Kg4 Rh8 55.h7 Kf7 56.a7 Kg7 57.Rh1 Kg6 58.Rh2 Kg7 59.Rh1 1-0

[Event "32nd WCh U20 Girls"]
[Site "Pune IND"]
[Date "2014.10.10"]
[Round "5.24"]
[White "Ananya, Suresh"]
[Black "Bakshi, Rutuja"]
[Result "1/2-1/2"]
[WhiteElo "1853"]
[BlackElo "1959"]
[EventDate "2014.10.06"]
[PlyCount "107"]

1.e4 Nf6 2.Nc3 d6 3.d4 g6 4.Be3 Bg7 5.Qd2 Nbd7 6.Bh6 O-O 7.O-O-O e5 8.Bxg7
Kxg7 9.d5 a6 10.h4 b5 11.f3 Qe7 12.Nh3 Nb6 13.Nf2 Bd7 14.Be2 Rad8 15.Qe3 
Rb8 16.g4 c6 17.dxc6 Bxc6 18.h5 Bd7 19.Rh2 b4 20.Nd5 Nbxd5 21.exd5 Bb5 22.
hxg6 fxg6 23.g5 Nh5 24.Bxb5 Rxb5 25.Ne4 Ra5 26.Kb1 Rf4 27.Qb6 Rb5 28.Qxa6 
Rb8 29.Qxd6 Qxd6 30.Nxd6 Rxf3 31.Nc4 Rf5 32.b3 Rxg5 33.d6 Rd8 34.Re1 Nf6 
35.Rd2 e4 36.a3 bxa3 37.Nxa3 Kf7 38.Nc4 h5 39.Rf2 Rf5 40.Rxf5 gxf5 41.Rf1 
Ke6 42.Ne3 Rxd6 43.Nxf5 Rd5 44.Ng3 e3 45.Re1 Re5 46.Ne2 Kf5 47.Rf1+ Kg5 
48.c4 h4 49.Kc2 Ng4 50.Rf8 Nf6 51.Kd3 Re7 52.Ng1 Nd7 53.Rg8+ Kf4 54.Ke2 
1/2-1/2

[Event "32nd WCh U20 Girls"]
[Site "Pune IND"]
[Date "2014.10.10"]
[Round "5.25"]
[White "Hilmi, Parveen"]
[Black "Bengtsson, Jessica"]
[Result "1/2-1/2"]
[WhiteElo "1757"]
[BlackElo "1943"]
[EventDate "2014.10.06"]
[PlyCount "71"]

1.e4 e5 2.Nf3 Nc6 3.Bb5 Bc5 4.O-O Nf6 5.c3 O-O 6.d4 Bb6 7.Re1 d6 8.Bg5 h6 
9.Bh4 exd4 10.Nxd4 Nxd4 11.cxd4 g5 12.Bg3 c6 13.Ba4 Bg4 14.f3 Be6 15.Nc3 
Nh5 16.Bf2 Nf4 17.Bc2 Qd7 18.Be3 Ng6 19.a3 Qe7 20.Kh1 Qf6 21.Qd2 Qg7 22.
Ne2 Rad8 23.Ng3 Nh4 24.f4 f6 25.f5 Bd7 26.Qd1 d5 27.Nh5 Qf7 28.Ng3 Kh8 29.
Rf1 dxe4 30.Bxe4 Rfe8 31.Bg1 c5 32.Qg4 cxd4 33.Rad1 Ba4 34.Rd2 Bb5 35.Rfd1
Ba4 36.Rf1 1/2-1/2

[Event "32nd WCh U20 Girls"]
[Site "Pune IND"]
[Date "2014.10.10"]
[Round "5.26"]
[White "Kurbonboeva, Sarvinoz"]
[Black "Madhurima, Shekhar"]
[Result "0-1"]
[WhiteElo "2212"]
[BlackElo "2000"]
[EventDate "2014.10.06"]
[PlyCount "118"]

1.d4 d5 2.c4 c6 3.cxd5 cxd5 4.Nf3 Nf6 5.Nc3 Nc6 6.Bf4 Bf5 7.e3 e6 8.Ne5 
Nxe5 9.Bxe5 Nd7 10.Bg3 a6 11.Be2 Be7 12.O-O O-O 13.f3 Bg6 14.Qd2 Rc8 15.e4
Nb6 16.Bf2 Bb4 17.Qe3 Nc4 18.Bxc4 Rxc4 19.Ne2 Qd7 20.Nf4 Bd6 21.Rac1 Bxf4 
22.Qxf4 Rfc8 23.Rxc4 Rxc4 24.Re1 h6 25.h4 Qc7 26.Qg4 Rc1 27.h5 Rxe1+ 28.
Bxe1 Bh7 29.Bd2 Kf8 30.Bf4 Qb6 31.Be5 f6 32.Qf4 Kg8 33.Bb8 Qxd4+ 34.Kh2 
dxe4 35.Qc7 Bf5 36.Qxb7 e3 37.Bg3 Qc4 38.b3 Qd3 39.Qb4 Qd2 40.Qf4 Qd3 41.
Qb4 Qd2 42.Qf4 Bd3 43.Qd6 Bf5 44.Qf4 Kh7 45.a3 Bd3 46.Qg4 Bf5 47.Qf4 Qd3 
48.Qc4 Qd2 49.Qf4 Qc1 50.Qb4 Bc2 51.Qc3 Qd2 52.Qc4 e5 53.Qxa6 Bd3 54.Qc6 
Bf1 55.f4 e2 56.Qe4+ Kg8 57.fxe5 f5 58.Qb4 e1=Q 59.Qb7 Qe4 0-1

[Event "32nd WCh U20 Girls"]
[Site "Pune IND"]
[Date "2014.10.10"]
[Round "5.28"]
[White "Parnali, S. Dharia"]
[Black "Barbosa, Larissa Ichimura"]
[Result "0-1"]
[WhiteElo "1904"]
[BlackElo "1975"]
[EventDate "2014.10.06"]
[PlyCount "96"]

1.g3 Nf6 2.d4 g6 3.Bg2 Bg7 4.Nf3 O-O 5.O-O d6 6.Nc3 Nbd7 7.e4 e5 8.Bg5 h6 
9.Bd2 Re8 10.dxe5 dxe5 11.Qe2 c6 12.Rad1 Qe7 13.Be3 Qb4 14.Bc1 Qe7 15.Nd2 
Nc5 16.Nc4 b6 17.Be3 Ba6 18.b4 Na4 19.Nxa4 Qxb4 20.Qd2 Qxa4 21.Nb2 Qa3 22.
Nd3 Ng4 23.Rfe1 Nxe3 24.Qxe3 Bxd3 25.Rxd3 Qxa2 26.Bh3 Red8 27.Rxd8+ Rxd8 
28.Qc3 Qa4 29.Bg2 c5 30.Ra1 Qd7 31.Ra6 Qb5 32.Ra1 a5 33.Bf1 Qc6 34.Rb1 Rd6
35.Bd3 Rd4 36.f3 c4 37.Kg2 b5 38.Be2 b4 39.Qe3 c3 40.Bd3 a4 41.Ra1 Qd7 42.
Qe1 Qc6 43.Qe2 Qd7 44.Qe1 Bf8 45.Kf2 Qc6 46.Qe2 b3 47.cxb3 axb3 48.Kf1 c2 
0-1

[Event "32nd WCh U20 Girls"]
[Site "Pune IND"]
[Date "2014.10.10"]
[Round "5.29"]
[White "Azimova, Karina"]
[Black "Hinduja, Reddy"]
[Result "1-0"]
[WhiteElo "2063"]
[BlackElo "1934"]
[EventDate "2014.10.06"]
[PlyCount "109"]

1.e4 c5 2.c3 d6 3.d4 Nf6 4.Bd3 g6 5.Nf3 Bg7 6.h3 O-O 7.O-O Qc7 8.Re1 b6 9.
Bf4 Ba6 10.Bxa6 Nxa6 11.Na3 Qb7 12.Qe2 cxd4 13.cxd4 Rfc8 14.Bd2 d5 15.e5 
Ne4 16.Qb5 e6 17.Bf4 Bf8 18.Nh2 Bb4 19.Rec1 Nc3 20.Qd3 Na4 21.Qb3 b5 22.
Ng4 Qb6 23.Nf6+ Kg7 24.Nc2 Be7 25.Bg5 Rc7 26.Qg3 Rh8 27.Qh4 h6 28.Ne8+ Kf8
29.Bxe7+ Rxe7 30.Qf6 Rh7 31.Nd6 Qd8 32.Na3 Nc7 33.Naxb5 Qb8 34.b3 Nb6 35.
a4 a6 36.Nxc7 Rxc7 37.a5 Nd7 38.Qf3 f5 39.Rc3 Nf6 40.Rac1 Ne4 41.Nxe4 dxe4
42.Qe2 Rxc3 43.Rxc3 Qb7 44.Qc4 Re7 45.b4 Kf7 46.Kf1 Qd7 47.g3 Qa4 48.Rc1 
Qa3 49.Qc3 Qa2 50.Kg2 Rd7 51.Qc8 Re7 52.Qh8 e3 53.Qh7+ Ke8 54.Qg8+ Kd7 55.
Qc8# 1-0

[Event "32nd WCh U20 Girls"]
[Site "Pune IND"]
[Date "2014.10.10"]
[Round "5.30"]
[White "Sunyasakta, Satpathy"]
[Black "San Diego, Marie Antoinette"]
[Result "0-1"]
[WhiteElo "1926"]
[BlackElo "2033"]
[EventDate "2014.10.06"]
[PlyCount "126"]

1.e4 c5 2.Nc3 a6 3.g3 b5 4.Bg2 Bb7 5.Nge2 e6 6.O-O d6 7.d3 Qc7 8.f4 Nf6 9.
h3 Be7 10.g4 b4 11.Nb1 O-O 12.Nd2 Nfd7 13.Nf3 d5 14.Ng3 dxe4 15.dxe4 Rd8 
16.Qe1 Nc6 17.Be3 Nb6 18.b3 Nd4 19.Qf2 Rac8 20.Kh1 Nb5 21.f5 Bd6 22.Nh5 
Bxe4 23.f6 g6 24.Qh4 Bxf3 25.Rxf3 Nd4 26.Rf2 Bf8 27.Ng3 Nd5 28.Bg5 Nc3 29.
Bh6 Qd6 30.Ne4 Nxe4 31.Bxe4 Bxh6 32.Qxh6 Qf8 33.Qg5 a5 34.h4 h6 35.Qe3 Kh7
36.h5 e5 37.hxg6+ fxg6 38.f7 Rd6 39.Raf1 Rcd8 40.Rf6 Kg7 41.Qf2 g5 42.Bd3 
R8d7 43.Rxd6 Rxd6 44.Qe3 Rf6 45.Qxe5 Qxf7 46.Bc4 Nc6 47.Qa1 Qe7 48.Re1 Qd7
49.Re6 Nd4 50.Rxf6 Kxf6 51.Qf1+ Kg7 52.Qg2 Qe7 53.Kg1 Qe3+ 54.Kh1 Qf3 55.
Qxf3 Nxf3 56.Bd3 Kf6 57.Be2 Nd4 58.Bd1 Ke5 59.Kg2 Kf4 60.Kf2 Nb5 61.Ke1 
Nc3 62.Be2 Nxe2 63.Kxe2 Kxg4 0-1

[Event "32nd WCh U20 Girls"]
[Site "Pune IND"]
[Date "2014.10.10"]
[Round "5.31"]
[White "Supriya, Joshi"]
[Black "Turkova, Karolina"]
[Result "0-1"]
[WhiteElo "1857"]
[BlackElo "2033"]
[EventDate "2014.10.06"]
[PlyCount "88"]

1.e4 c5 2.Nf3 d6 3.d4 cxd4 4.Nxd4 Nf6 5.Nc3 a6 6.h3 e6 7.g4 Nfd7 8.Be3 Be7
9.Bg2 Nc6 10.Qe2 Nxd4 11.Bxd4 O-O 12.O-O-O b5 13.a3 Bb7 14.h4 Rc8 15.Rh3 
Qa5 16.Qe1 Qc7 17.Kb1 a5 18.Nxb5 Qxc2+ 19.Ka1 Nc5 20.Rc3 Qa4 21.Bxc5 Rxc5 
22.Rxc5 dxc5 23.Nc3 Qb3 24.Rd7 Bxh4 25.Qd1 Qxd1+ 26.Nxd1 Ba6 27.f3 Rd8 28.
Rxd8+ Bxd8 29.b3 g6 30.Ne3 Kg7 31.Kb2 h5 32.gxh5 gxh5 33.f4 Bc7 34.f5 Kf6 
35.fxe6 fxe6 36.Bf3 Kg5 37.Nc4 h4 38.Kc3 Kf4 39.Bh1 e5 40.a4 Kg3 41.Ne3 
Be2 42.Kd2 Kf2 43.Nf5 h3 44.Ng3 Bf3 0-1

[Event "32nd WCh U20 Girls"]
[Site "Pune IND"]
[Date "2014.10.10"]
[Round "5.32"]
[White "Gagare, Shalmali"]
[Black "Divya Lakshmi, R."]
[Result "1/2-1/2"]
[WhiteElo "2088"]
[BlackElo "1905"]
[EventDate "2014.10.06"]
[PlyCount "71"]

1.c4 e5 2.g3 Nf6 3.Bg2 d5 4.cxd5 Nxd5 5.Nc3 Nxc3 6.bxc3 c6 7.d3 Be7 8.Nf3 
Qc7 9.O-O O-O 10.Qc2 Nd7 11.d4 f5 12.Ng5 Bxg5 13.Bxg5 Nf6 14.dxe5 Qxe5 15.
Be3 Be6 16.Bd4 Qc7 17.c4 c5 18.Be3 Rad8 19.Rab1 b6 20.a4 Ng4 21.Bf4 Qf7 
22.h3 Nf6 23.a5 Rd4 24.axb6 axb6 25.Rxb6 Rxc4 26.Qd3 Rd4 27.Qa6 Bc4 28.Qa5
Bxe2 29.Re1 Bc4 30.Qxc5 Rd7 31.Rc6 Bd5 32.Rc8 Ne4 33.Qxf8+ Qxf8 34.Rxf8+ 
Kxf8 35.g4 g6 36.Ra1 1/2-1/2

[Event "32nd WCh U20 Girls"]
[Site "Pune IND"]
[Date "2014.10.10"]
[Round "5.33"]
[White "Terzidaki, Alexandra"]
[Black "Bala Kannamma, P."]
[Result "0-1"]
[WhiteElo "1902"]
[BlackElo "2023"]
[EventDate "2014.10.06"]
[PlyCount "74"]

1.e4 c5 2.Nf3 e6 3.c4 a6 4.a3 Qc7 5.d4 cxd4 6.Nxd4 Nf6 7.Nc3 b6 8.Be3 Bb7 
9.f3 Be7 10.Be2 O-O 11.Rc1 d6 12.O-O Nbd7 13.Kh1 Rac8 14.b4 Qb8 15.Nb3 Bd8
16.Bg1 Bc7 17.a4 Rfd8 18.a5 bxa5 19.Nxa5 Bxa5 20.bxa5 Qc7 21.Rb1 Qxa5 22.
Rxb7 Qxc3 23.Bd4 Qa5 24.Qc2 Rb8 25.Bc3 Qc5 26.Rxb8 Rxb8 27.f4 e5 28.h3 h6 
29.Ra1 Qe3 30.fxe5 Nxe4 31.Be1 Nxe5 32.Rxa6 Rc8 33.Ra1 d5 34.Rd1 dxc4 35.
Rd5 Ng6 36.Rf5 Nf4 37.Re5 Nxe2 0-1

[Event "32nd WCh U20 Girls"]
[Site "Pune IND"]
[Date "2014.10.10"]
[Round "5.34"]
[White "Fransson, Angelina"]
[Black "Salonika, Saina"]
[Result "1-0"]
[WhiteElo "2019"]
[BlackElo "1737"]
[EventDate "2014.10.06"]
[PlyCount "65"]

1.e4 c5 2.Nf3 d6 3.c3 Nf6 4.h3 Nc6 5.Bd3 e5 6.Bc2 Be7 7.O-O O-O 8.d4 Qc7 
9.d5 Nb8 10.c4 a6 11.Nc3 Bd7 12.Qe2 Ne8 13.Bd3 Qc8 14.Nd2 Bg5 15.Nf3 Bxc1 
16.Raxc1 f5 17.exf5 Bxf5 18.Bxf5 Qxf5 19.Ne4 Nd7 20.Nfd2 Ndf6 21.Ng3 Qd7 
22.f4 exf4 23.Rxf4 Nc7 24.Rcf1 b5 25.b3 Rae8 26.Nde4 Nxe4 27.Qxe4 Qd8 28.
Rxf8+ Rxf8 29.Nf5 Rf7 30.Qg4 Qf6 31.Nh6+ Qxh6 32.Qc8+ Rf8 33.Qxf8# 1-0

[Event "32nd WCh U20 Girls"]
[Site "Pune IND"]
[Date "2014.10.10"]
[Round "5.35"]
[White "Anjana Krishna, S."]
[Black "Afraoui, Solenn"]
[Result "1/2-1/2"]
[WhiteElo "1889"]
[BlackElo "1989"]
[EventDate "2014.10.06"]
[PlyCount "80"]

1.e4 c5 2.c3 Nf6 3.e5 Nd5 4.d4 cxd4 5.Qxd4 e6 6.Nf3 Nc6 7.Qe4 f5 8.Qe2 b5 
9.g3 a5 10.Bg2 Be7 11.O-O O-O 12.Rd1 Ba6 13.Nbd2 Qc7 14.Nf1 b4 15.c4 a4 
16.Bd2 Na5 17.b3 Nb6 18.Qd3 Bb7 19.Be3 Rfd8 20.N1d2 d5 21.exd6 Bxd6 22.Qe2
Nd7 23.Ng5 Nf8 24.c5 Be5 25.Rac1 Ba6 26.Qh5 Rac8 27.bxa4 Bc3 28.Nb1 Bf6 
29.Bd2 Rb8 30.Bf1 Bxf1 31.Rxf1 g6 32.Qe2 Rxd2 33.Qxd2 Rd8 34.Qe3 e5 35.h4 
h6 36.Nf3 e4 37.Nfd2 Bd4 38.Qf4 Be5 39.Qe3 Bd4 40.Qf4 Be5 1/2-1/2

[Event "32nd WCh U20 Girls"]
[Site "Pune IND"]
[Date "2014.10.10"]
[Round "5.36"]
[White "Djogteva, Jekaterina"]
[Black "Harshita, Guddanti"]
[Result "0-1"]
[WhiteElo "1754"]
[BlackElo "1925"]
[EventDate "2014.10.06"]
[PlyCount "62"]

1.e4 c5 2.Nc3 d6 3.f4 g6 4.Nf3 Bg7 5.Bc4 Nc6 6.d3 e6 7.O-O Nge7 8.Qe1 Nd4 
9.Nxd4 cxd4 10.Nb1 O-O 11.Nd2 d5 12.Bb3 b6 13.e5 f6 14.Nf3 fxe5 15.fxe5 
Qc7 16.Ba4 a6 17.Bg5 b5 18.Bxe7 Qxe7 19.Bb3 Qc7 20.Qe2 Bd7 21.Rae1 Rf5 22.
g4 Rf4 23.Nd2 Rxf1+ 24.Kxf1 a5 25.a3 a4 26.Ba2 Rf8+ 27.Kg2 Qxc2 28.Nf3 Qc5
29.Kg3 b4 30.axb4 Qxb4 31.Qd2 Rxf3+ 0-1

[Event "32nd WCh U20 Girls"]
[Site "Pune IND"]
[Date "2014.10.10"]
[Round "5.37"]
[White "Caballero Quijano, Mitzy Mishell"]
[Black "Samudin, Elina"]
[Result "1-0"]
[WhiteElo "1961"]
[BlackElo "1623"]
[EventDate "2014.10.06"]
[PlyCount "81"]

1.d4 d5 2.Nf3 Nf6 3.c4 e6 4.g3 Be7 5.Bg2 O-O 6.O-O Nbd7 7.Qc2 c6 8.b3 b6 
9.Rd1 Bb7 10.Nc3 Rc8 11.e4 dxe4 12.Ng5 h6 13.Ngxe4 Nxe4 14.Nxe4 Nf6 15.Bf4
Nxe4 16.Qxe4 Bd6 17.Be5 Qc7 18.f4 Rfd8 19.Rd3 Rd7 20.Bxd6 Qxd6 21.Qe3 Rcd8
22.Rad1 Qc7 23.Bh3 b5 24.c5 Qa5 25.R3d2 Rd5 26.Bg2 R5d7 27.Be4 Qb4 28.Bb1 
Rd5 29.Qe4 g6 30.Qe3 Kg7 31.Be4 R5d7 32.Rd3 Bc8 33.Kf2 Bb7 34.g4 Qa5 35.
R3d2 Qc7 36.Bf3 Ba8 37.h4 Kh7 38.h5 gxh5 39.Rh1 hxg4 40.f5 g3+ 41.Kg2 1-0